ঢ়
ক্ষ
ড়
ঢ়
য়
র-ফলা‌‌‌
 
 
য-ফলা
ি
 
 
রেফ
 
 
 
যুক্ত করুন/হসন্ত
Space
Enter

Human rights in the world : (Record no. 828)

000 -LEADER
fixed length control field 00742nam a22002297a 4500
001 - CONTROL NUMBER
control field 15322
003 - CONTROL NUMBER IDENTIFIER
control field BD-DhUAP
005 - DATE AND TIME OF LATEST TRANSACTION
control field 20200128123424.0
008 - FIXED-LENGTH DATA ELEMENTS--GENERAL INFORMATION
fixed length control field 200128r19962005nau||||| |||| 001 0 eng d
020 ## - INTERNATIONAL STANDARD BOOK NUMBER
International Standard Book Number 8175344482
040 ## - CATALOGING SOURCE
Original cataloging agency BD-DhUAP
Language of cataloging Eng
Transcribing agency BD-DhUAP
Modifying agency BD-DhUAP
082 ## - DEWEY DECIMAL CLASSIFICATION NUMBER
Edition number 23
Classification number 341.481 ROB
100 ## - MAIN ENTRY--PERSONAL NAME
Personal name Robertson, A. H.
245 ## - TITLE STATEMENT
Title Human rights in the world :
Remainder of title an introduction to the study of the international protection of human rights /
Statement of responsibility, etc. A. H. Robertson and J. G. Merrills.
250 ## - EDITION STATEMENT
Edition statement 4th ed.
260 ## - PUBLICATION, DISTRIBUTION, ETC.
Place of publication, distribution, etc. Manchester :
Name of publisher, distributor, etc. Manchester Univ. Press,
Date of publication, distribution, etc. c1996 [Reprinted 2005].
300 ## - PHYSICAL DESCRIPTION
Extent viii, 355 pages ;
Dimensions 22 cm.
500 ## - GENERAL NOTE
General note Includes index.
650 ## - SUBJECT ADDED ENTRY--TOPICAL TERM
Topical term or geographic name entry element Human rights.
700 ## - ADDED ENTRY--PERSONAL NAME
Personal name Merrills, J. G.
942 ## - ADDED ENTRY ELEMENTS (KOHA)
Source of classification or shelving scheme
Koha item type Book
Holdings
Withdrawn status Lost status Source of classification or shelving scheme Damaged status Not for loan Permanent Location Current Location Shelving location Date acquired Full call number Barcode Date last seen Copy number Price effective from Koha item type
          UAP Central Library UAP Central Library General Stacks 2020-01-28 341.481 ROB 3010015322 2020-01-28 1 2020-01-28 Book

All rights reserved © UAP Central Library,
University of Asia Pacific.